000 00446ntaaa2200181 4500
003 01
005 20251027200930.0
008 0714s1973 ag 01
040 _aAR-BaBN
_bspa
_cAR-BaBN
_eaacr
_dRIC
082 _a111 D37
100 _aDelarue, Jacques
_96053
245 _aABC del existencialismo /
_cJacques Delarue
250 _a1 ed.
260 _aEditorial Sapiens,
_c1953
300 _a59 p.
650 _aexistencialismo
_9645
942 _cBK
999 _c3305
_d3305